European Countries NOT in European Union - Statistics

General Stats
  • This quiz has been taken 2,931 times
    1,260 since last reset
  • The average score is 19 of 23
Answer Stats
Answer % Correct
United Kingdom
97%
Russia
93%
Albania
92%
Belarus
92%
Serbia
92%
Ukraine
92%
Andorra
90%
Norway
90%
Vatican City
90%
San Marino
89%
Bosnia-Herzegovina
88%
Kosovo
88%
Liechtenstein
88%
Switzerland
88%
North Macedonia
87%
Monaco
86%
Montenegro
86%
Moldova
83%
Iceland
82%
Turkey
79%
Georgia
58%
Azerbaijan
56%
Kazakhstan
39%
No matching quizzes found
Score Distribution
Percent of People with Each Score
Percentile by Number Answered
Your Score History
You have not taken this quiz since the last reset